[Event "Pan American-ch U20 Girls"]
[Site "Guayaquil"]
[Date "2018.06.20"]
[Round "3"]
[White "Nunez Giler, Fanny Cecilia"]
[Black "Ruiz, Mishell"]
[Result "1/2-1/2"]
[WhiteElo "1578"]
[BlackElo "1877"]
[PlyCount "92"]
[EventDate "2018.06.19"]
[EventType "swiss"]
[EventRounds "9"]
[EventCountry "ECU"]
[SourceTitle "EXT 2019"]
[Source "ChessBase"]
[SourceDate "2018.10.10"]
[SourceVersion "1"]
[SourceVersionDate "2018.10.10"]
[SourceQuality "1"]

1. e4 g6 2. d4 Bg7 3. Nf3 c5 4. Nc3 Nc6 5. Be3 cxd4 6. Nxd4 Nf6 7. Bc4 0-0 8. Bb3 d6 9. f3 Bd7 10. 0-0 Rc8 11. Qd2 Ne5 12. Qe2 a6 13. Rad1 b5 14. Nd5 Nc4 15. Bxc4 Rxc4 16. c3 Nxd5 17. exd5 Qa8 18. Bf2 Re8 19. Nc2 Bc8 20. Rfe1 Bb7 21. Qd3 Qc8 22. Re2 Be5 23. Rde1 Qd7 24. Re4 Rxe4 25. Rxe4 Bf6 26. Bh4 Bg7 27. Re1 Qc7 28. Bf2 Qd7 29. Ne3 Rc8 30. Bh4 Re8 31. f4 Bf6 32. Bg3 Kg7 33. f5 Be5 34. Bf2 Bc8 35. fxg6 hxg6 36. Rf1 Rh8 37. Bg3 Bxg3 38. hxg3 Qa7 39. Kf2 Rh5 40. Ke2 Re5 41. Kd2 Qc5 42. Rf4 Rg5 43. Qe4 Re5 44. Qd3 Rg5 45. Qe4 Re5 46. Qd3 Bb7 1/2-1/2

[Event "South America-ch U20 Girls 13th"]
[Site "Manta"]
[Date "2017.04.29"]
[Round "7"]
[White "Ruiz, Mishell"]
[Black "Besso, Guadalupe"]
[Result "1-0"]
[WhiteElo "1780"]
[BlackElo "1943"]
[PlyCount "99"]
[EventDate "2017.04.25"]
[EventType "swiss"]
[EventRounds "9"]
[EventCountry "ECU"]
[SourceTitle "CBM 178 Extra"]
[Source "ChessBase"]
[SourceDate "2017.06.22"]
[SourceVersion "1"]
[SourceVersionDate "2017.06.22"]
[SourceQuality "1"]

1. g3 c5 2. Bg2 Nc6 3. Nf3 g6 4. 0-0 Bg7 5. c3 d5 6. d4 Nf6 7. dxc5 0-0 8. Bg5 Ne4 9. Be3 e5 10. Nbd2 Qe7 11. Nxe4 dxe4 12. Ng5 f5 13. Qd5+ Kh8 14. h4 h6 15. Nxe4 fxe4 16. Bxe4 Bf5 17. Bg2 Rad8 18. Qb3 e4 19. Rad1 Rb8 20. Qa4 a6 21. Bf4 Be5 22. Bxh6 Rf7 23. Bxe4 Rg8 24. Bg5 Qc7 25. Kg2 Re8 26. Bd5 Rff8 27. f4 Bg7 28. e4 Bg4 29. Rde1 Qc8 30. Rh1 Ne7 31. Bxe7 Rxe7 32. Qc4 Rd8 33. a3 Qd7 34. h5 gxh5 35. Qb4 Qc7 36. c4 Bd4 37. Qd2 Bg7 38. b4 a5 39. Rxh5+ Bxh5 40. Rh1 Bh6 41. Rxh5 Kg7 42. Qb2+ Kg6 43. Rf5 Rf8 44. Rxf8 Bxf8 45. Qh8 Bg7 46. f5+ Kf6 47. Qh4+ Ke5 48. Qf4+ Kd4 49. Qd2+ Ke5 50. Qc3# 1-0

[Event "South America-ch U20 Girls 13th"]
[Site "Manta"]
[Date "2017.04.26"]
[Round "3"]
[White "Guaicha Encalada, Jennifer"]
[Black "Ruiz, Mishell"]
[Result "1/2-1/2"]
[WhiteElo "1654"]
[BlackElo "1780"]
[PlyCount "74"]
[EventDate "2017.04.25"]
[EventType "swiss"]
[EventRounds "9"]
[EventCountry "ECU"]
[SourceTitle "CBM 178 Extra"]
[Source "ChessBase"]
[SourceDate "2017.06.22"]
[SourceVersion "1"]
[SourceVersionDate "2017.06.22"]
[SourceQuality "1"]

1. d4 c5 2. Nf3 g6 3. c4 Bg7 4. Nc3 cxd4 5. Nxd4 Nc6 6. e3 Nf6 7. Be2 0-0 8. 0-0 d6 9. b3 Bd7 10. Bb2 a6 11. Qd2 Rc8 12. Rfd1 Re8 13. Rac1 Qa5 14. Bf3 Bg4 15. Nxc6 bxc6 16. Ne4 Qxd2 17. Nxd2 Bxf3 18. Nxf3 c5 19. Nd2 a5 20. f3 a4 21. Ra1 Ra8 22. Bc3 Reb8 23. Rdc1 Nd7 24. Bxg7 Kxg7 25. f4 Rb7 26. Kf2 Nb8 27. Rcb1 Nc6 28. a3 Kf8 29. Ke2 Ke8 30. Kd3 Kd7 31. Kc3 axb3 32. Rxb3 Rba7 33. Ra2 Na5 34. Rb5 Kc6 35. Rab2 Kc7 36. Nb3 Nc6 37. h3 Rxa3 1/2-1/2

[Event "South America-ch U18 Girls 12th"]
[Site "Santa Cruz"]
[Date "2015.12.02"]
[Round "1"]
[White "Ruiz, Mishell"]
[Black "Garcia Contreras, Ana Claudia De"]
[Result "1-0"]
[WhiteElo "1736"]
[BlackElo "1964"]
[PlyCount "56"]
[EventDate "2015.12.02"]
[EventType "swiss"]
[EventRounds "9"]
[EventCountry "BOL"]
[SourceTitle "CBM 170 Extra"]
[Source "ChessBase"]
[SourceDate "2016.02.25"]
[SourceVersion "1"]
[SourceVersionDate "2016.02.25"]
[SourceQuality "1"]

1. e4 e6 2. d3 d5 3. Nd2 Nf6 4. e5 Nfd7 5. f4 c5 6. Ngf3 Nc6 7. g3 f6 8. exf6 Qxf6 9. Bg2 Bd6 10. 0-0 0-0 11. Rb1 Nb6 12. b3 Bd7 13. Bb2 Qh6 14. c4 e5 15. fxe5 Nxe5 16. Nxe5 Bxe5 17. Bxe5 Qe3+ 18. Kh1 Qxe5 19. Nf3 Qh5 20. Ng1 Qh6 21. cxd5 Bf5 22. Rc1 Qe3 23. Qc2 Rac8 24. Ne2 Nxd5 25. Qc4 Be6 26. Rxf8+ Kxf8 27. d4 b6 28. dxc5 Rxc5 1-0

[Event "South America-ch U18 Girls 11th"]
[Site "Montevideo"]
[Date "2014.09.14"]
[Round "9"]
[White "Ruiz, Mishell"]
[Black "Garcia Contreras, Ana Claudia De"]
[Result "0-1"]
[WhiteElo "1692"]
[BlackElo "1952"]
[PlyCount "76"]
[EventDate "2014.09.08"]
[EventType "swiss"]
[EventRounds "9"]
[EventCountry "URU"]
[SourceTitle "EXT 2016"]
[Source "ChessBase"]
[SourceDate "2015.10.08"]
[SourceVersion "1"]
[SourceVersionDate "2015.10.08"]
[SourceQuality "1"]

1. e4 c5 2. Bc4 Nc6 3. Nc3 e6 4. Nge2 a6 5. a4 Nf6 6. d3 d5 7. exd5 exd5 8. Bb3 d4 9. Ne4 Nxe4 10. dxe4 Qe7 11. 0-0 Bg4 12. f3 Be6 13. Bxe6 fxe6 14. f4 0-0-0 15. Ng3 e5 16. fxe5 Nxe5 17. Rf5 Qc7 18. Rxe5 Qxe5 19. Qg4+ Rd7 20. Bf4 Qe8 21. Re1 h5 22. Qe2 h4 23. Nf1 Qe6 24. Nd2 Be7 25. Nf3 Rg8 26. Ng5 Bxg5 27. Bxg5 h3 28. g3 Re8 29. Bf4 Rd5 30. Qd2 g5 31. Bxg5 Re5 32. Qf4 Rxe4 33. Rxe4 Qxe4 34. Qxe4 Rxe4 35. Kf2 c4 36. Bd2 d3 37. cxd3 cxd3 38. Be3 Rxa4 0-1

[Event "South America-ch U18 Girls 11th"]
[Site "Montevideo"]
[Date "2014.09.11"]
[Round "5"]
[White "Perez, Dalila"]
[Black "Ruiz, Mishell"]
[Result "1-0"]
[WhiteElo "1899"]
[BlackElo "1692"]
[PlyCount "45"]
[EventDate "2014.09.08"]
[EventType "swiss"]
[EventRounds "9"]
[EventCountry "URU"]
[SourceTitle "EXT 2016"]
[Source "ChessBase"]
[SourceDate "2015.10.08"]
[SourceVersion "1"]
[SourceVersionDate "2015.10.08"]
[SourceQuality "1"]

1. d4 Nf6 2. c4 g6 3. Nc3 Bg7 4. e4 d6 5. f4 0-0 6. Nf3 c5 7. d5 e6 8. Bd3 exd5 9. cxd5 b5 10. 0-0 b4 11. Ne2 Re8 12. e5 dxe5 13. fxe5 Ng4 14. e6 fxe6 15. dxe6 a6 16. Bc4 Kh8 17. Qxd8 Rxd8 18. Ng5 Bd4+ 19. Nxd4 Rxd4 20. e7 Bd7 21. e8Q+ Bxe8 22. Rf8+ Kg7 23. Ne6# 1-0

[Event "South America-ch U18 Girls 11th"]
[Site "Montevideo"]
[Date "2014.09.10"]
[Round "4"]
[White "Alboredo, Julia"]
[Black "Ruiz, Mishell"]
[Result "1-0"]
[WhiteElo "1885"]
[BlackElo "1692"]
[PlyCount "57"]
[EventDate "2014.09.08"]
[EventType "swiss"]
[EventRounds "9"]
[EventCountry "URU"]
[SourceTitle "EXT 2016"]
[Source "ChessBase"]
[SourceDate "2015.10.08"]
[SourceVersion "1"]
[SourceVersionDate "2015.10.08"]
[SourceQuality "1"]

1. e4 c5 2. Nf3 g6 3. d4 cxd4 4. Nxd4 Bg7 5. Nc3 Nc6 6. Be3 Nf6 7. Bc4 0-0 8. Bb3 d6 9. f3 Na5 10. Qd2 Nxb3 11. axb3 d5 12. e5 Ne8 13. f4 Nc7 14. 0-0-0 Bg4 15. Rde1 a5 16. h3 Bd7 17. Qe2 b5 18. g4 a4 19. h4 a3 20. bxa3 Rxa3 21. h5 b4 22. Nb1 Ra1 23. hxg6 fxg6 24. Qh2 h6 25. f5 Nb5 26. Nxb5 Bxb5 27. Bxh6 e6 28. Bxg7 Qg5+ 29. Kb2 1-0